| 000 | 00598nam a2200193 a 4500 | ||
|---|---|---|---|
| 005 | 20240530063615.0 | ||
| 008 | 060523s2003 es r 000 0 spa d | ||
| 020 | _a8483108801 | ||
| 035 | _aUPN01000144631 | ||
| 049 | _aCG | ||
| 050 | 4 |
_aPQ6652 E6.5 _bT7.3 |
|
| 100 | 1 |
_aBenítez Reyes, Felipe, _d1960- _942408 |
|
| 245 | 1 | 0 |
_aTrama de Niebla : _bpoesía reunida, 1978-2002 / _cFelipe Benítez Reyes. |
| 260 |
_aBarcelona, Esp. : _bTusquets, _c2003. |
||
| 300 | _a409 p. | ||
| 440 | 0 |
_aMarginales : nuevos textos sagrados ; _v214 |
|
| 650 | 4 |
_aPoesía Española _ySiglo XX _91243 |
|
| 905 | _aLibro | ||
| 999 |
_c116778 _d116778 |
||